000 00449nam a2200181Ia 4500
001 21171
005 20260306172859.0
008 260306t2006||||xx |||||||||||||| ||spa||
041 _aESP
082 _a344G
_bV66
100 _aVillavicencio Terreros, Felipe A. [1955-...
_eAUT
245 0 _aDerecho penal:
_bparte general
260 _c2006
300 _a807 páginas :
_c25 cm.
650 _aGEN
654 _aCDE
942 _cLIB
_dJUS
_fJUS
_2ddc
_n
999 _c21171
_d21171